zpět

Detail výsledku týmu

MusiClub Drago, Nový Jičín

Datum a čas kvízu

33.5 Celkem bodů Celkový počet nahraných bodů na tomto kvízu bez doplňovacích otázek.
2. Pořadí na kvízu Konečné umístění týmu na tomto kvízu.

Zaznamenané odpovědi

# Otázka Odpověď Body Výsledky
1. Minulé pondělí došlo k obnoven... Družba 1
2. Bílý dům chtěl po americkém ná... John McCain 0
3. Spekulace o obsazení hlavní ro... Robert Pattinson 1
4. Italsko-americká automobilka F... Renault 1
5. Fotbalový klub z Birminghamu s... Aston Villa 1
6. Začneme složením vzduchu. Že j... 1B 2A 3C 4D 0
7. Nedaleko jednoho středočeského... Čáslav 0
8. Že má tento přístroj něco spol... anemometr 1
9. Pod čísly 1 a 2 vidíme označen... okluzní fronta 1
10. Jak se nazývá dýchací systém n... vzdušnice 1